000 00557nam a2200193 a 4500
001 1770453313106
003 YourLibrary
005 20260207140845.0
008 260207s1991##################000#0#eng##
020 _a9781852785413
082 0 4 _a330.1560113536
_bMAR
100 1 _aMarris, Robin,
_eauthor.
245 1 0 _aReconstructing Keynesian Economics with Imperfect Competition :
260 _bEdward Elgar Publishing,
_c1991.
300 _a362 pages
650 0 _aBusiness & Economics.
942 _cENGLISH
040 _aYourLibrary
_beng
_cYourLibrary
999 _c611068
_d611068